00521 2200193 4500245008800000020002200088250001100110100002300121700001000144700001700154650001700171005001900188260004100207041001400248084001300262300003200275336000900307338001100316 aNaruto Official Animation Book b : Hiden - Shippu EmakicKishimoto, MasashihText a978-602-04-3618-0 aCet. 1 aKishimoto, Masashi aNiken aMohammad Ali aKomik Jepang a20230131132546 aJakartabElex Media Komputindoc2018 aIndonesia a741.5592 a... jil. :bilus. ;c17 cm. atext avolume